| 000 | 00535nam a2200205Ia 4500 | ||
|---|---|---|---|
| 003 | OSt | ||
| 005 | 20220926044607.0 | ||
| 006 | a|||||r|||| 00| 0 | ||
| 007 | ta | ||
| 008 | 220923b |||||||| |||| 00| 0 eng d | ||
| 037 | _cGeneral Book | ||
| 040 |
_aRTL _cRTL _beng |
||
| 041 |
_2eng _aeng |
||
| 082 | _aV2.M1<--L84, A | ||
| 100 | _aMalcolm John | ||
| 245 | 0 | _aSketch of the political history of India from the | |
| 260 | _c1870 | ||
| 942 |
_hV2.M1<--L84, A _cGB _2CC |
||
| 999 |
_c675276 _d675276 |
||